| 000 | 01049nam a2200229Ia 4500 | ||
|---|---|---|---|
| 001 | 20760 | ||
| 005 | 20260331173109.0 | ||
| 008 | 260306t2020||||xx |||||||||||||| ||spa|| | ||
| 041 | _aESP | ||
| 082 |
_a343.8 _bA47P |
||
| 100 |
_aAlva Matteucci, Mario, _eAUT |
||
| 245 | 0 | _aPlaneamiento tributario 2020, 2021 y 2022 en el contexto de la pandemia del covid-19 | |
| 260 | _c2020 | ||
| 300 | _a478 páginas : | ||
| 650 | _aGEN | ||
| 654 | _aCDE | ||
| 856 |
_uhttps://itmsp.museknowledge.com/UCSP?url=https://www.ebooks7-24.com:443/?il=14626&pg=1 _zVéase además: Estatuto tributario 2021: contextualizado NIF y medidas por la pandemia. Nómina electrónica. Versión digital |
||
| 856 |
_uhttps://0u213uupk-y-https-ebooks7--24-com.itmsp.museknowledge.com/biblioteca.aspx _zVéase además: Base de datos Ebook7-24 |
||
| 856 |
_uhttps://www.legismovil.pe/lnp.asp _zVéase además: Base de datos Legis Móvil |
||
| 856 |
_uhttps://itmsp.museknowledge.com/UCSP?groupID=2 _zVéase además: Base de datos Contadores 360 |
||
| 942 |
_cLIB _dJUS _fJUS _2ddc |
||
| 999 |
_c20760 _d20760 |
||